000 01421naa a2200349 c 4500
999 _c49274
_d49274
001 49274
003 ES-MaCES
005 20251115040003.0
008 170421s2017 sp ||||| t||||||| ||spa d
040 _aES-MaCES
_bspa
_cES-MaCES
_dES-MaCES
100 1 _95804
_aAlbert López-Ibor, Rocío
245 1 0 _aTaxi Driver 2.0. ¿Por qué UBER ya ha ganado la batalla?
_cRocío Albert, Rogelio Biazzi, Francisco Cabrillo
500 _aResumen
504 _aBibliografía: p. 187-188
610 2 7 _939727
_aUber (Firma)
650 4 _aeconomía colaborativa
_937923
650 4 _927076
_ateoría económica
650 4 _930788
_anuevas tecnologías
650 4 _928236
_acambio tecnológico
650 4 _928432
_aconductor
650 4 _928065
_atransporte urbano
650 4 _928022
_aservicio del automóvil
650 4 _927914
_aprecio al consumidor
650 4 _927898
_amercado interior
650 4 _927897
_acompetencia
653 1 0 _aEconomía
700 1 _938083
_aBiazzi Solomonoff, Rogelio
700 1 _936732
_aCabrillo Rodríguez, Francisco
773 0 _985907
_dMadrid (Padre Damián, 48, 28036) Fundación Fondo para la Investigación Económica y Social, Obra Social de la Confederación Española de Cajas de Ahorros
_o088805
_tPapeles de economía española
_w(ES-MaCES)25203
_gn. 151 (2017) {10187 R. 088805} ;p. 172-188
902 _aART Artículo de revista
942 _2CES
_cAR
_h0.0.